00757nam a22002417a 4500001000500000005001700005008004100022020001800063040002900081050001400110082001100124100001800135245003500153260003500188300002300223505000600246520017100252521002700423521002700450650001300477650001300490650001200503121620230808140738.0230808b cb ||||| |||| 00| 0 eng d a9781846433740 aFISKHbengcFISKHdFISKH aPZ7.K9483 a612.88 aKubler, Annie aWhat can I feel?cAnnie Kubler aSydney :bChild's Play,c2011. a10 pages :c17 cm. aD aBrilliant board books for toddlers based around senses. Exploring the concept of touch, this title features familiar scenes and fun words to encourage lively chatter. a200 bLexile estimate aD bRaz-Plus estimate 2feelings 2emotions 2feeling